Выбор условий для получения олигомеров молочной кислоты; Перспективы развития фундаментальных наук

Chi tiết về thư mục
Parent link:Перспективы развития фундаментальных наук.— 2014.— [С. 537-539]
Tác giả chính: Шкарин А. А. Александр Александрович
Tác giả của công ty: Национальный исследовательский Томский политехнический университет (ТПУ) Институт природных ресурсов (ИПР) Кафедра технологии органических веществ и полимерных материалов (ТОВПМ)
Tác giả khác: Яркова А. В. Анна Викторовна (научный руководитель), Похарукова Ю. Е. Юлия Евгеньевна, Новиков В. Т. Виктор Тимофеевич
Tóm tắt:Заглавие с экрана
The method of synthesis of lactic acid oligomers used for the synthesis of lactide was investigated and developed. The optimum conditions for the lactic acid (LA) oligomerization stage in the presence of catalyst were defined. It was found out that the yield of raw lactide depends on temperature of the LA oligomerization process.
Ngôn ngữ:Tiếng Nga
Được phát hành: 2014
Loạt:Химия
Những chủ đề:
Truy cập trực tuyến:http://www.lib.tpu.ru/fulltext/c/2014/C21/180.pdf
Định dạng: Điện tử Chương của sách
KOHA link:https://koha.lib.tpu.ru/cgi-bin/koha/opac-detail.pl?biblionumber=606932

MARC

LEADER 00000naa2a2200000 4500
001 606932
005 20260306140745.0
035 |a (RuTPU)RU\TPU\conf\4311 
035 |a RU\TPU\conf\4310 
090 |a 606932 
100 |a 20140621d2014 k y0rusy50 ca 
101 0 |a rus 
102 |a RU 
135 |a drcn ---uucaa 
181 0 |a i  
182 0 |a b 
200 1 |a Выбор условий для получения олигомеров молочной кислоты  |d Definition the conditions for obtaining the lactic acid oligomers  |f А. А. Шкарин, А. В. Яркова, Ю. Е. Похарукова  |g науч. рук. В. Т. Новиков 
203 |a Текст  |c электронный 
215 |a 1 файл(381 Кб) 
225 1 |a Химия 
300 |a Заглавие с экрана 
320 |a [Библиогр.: с. 539 (7 назв.)] 
330 |a The method of synthesis of lactic acid oligomers used for the synthesis of lactide was investigated and developed. The optimum conditions for the lactic acid (LA) oligomerization stage in the presence of catalyst were defined. It was found out that the yield of raw lactide depends on temperature of the LA oligomerization process. 
337 |a Adobe Reader 
463 1 |0 (RuTPU)RU\TPU\conf\3586  |t Перспективы развития фундаментальных наук  |l Prospects of fundamental sciences development  |o сборник научных трудов XI Международной конференция студентов и молодых ученых, г. Томск, 22-25 апреля 2014 г.  |f Национальный исследовательский Томский политехнический университет (ТПУ) ; под ред. Е. А. Вайтулевич  |v [С. 537-539]  |d 2014 
510 1 |a Definition the conditions for obtaining the lactic acid oligomers  |z eng 
610 1 |a электронный ресурс 
610 1 |a труды учёных ТПУ 
610 1 |a условия 
610 1 |a получение 
610 1 |a олигомеры 
610 1 |a молочная кислота 
700 1 |a Шкарин  |b А. А.  |c химик  |c лаборант Томского политехнического университета  |g Александр Александрович  |3 (RuTPU)RU\TPU\pers\32457 
701 1 |a Яркова  |b А. В.  |c химик  |c инженер Томского политехнического университета  |g Анна Викторовна  |3 (RuTPU)RU\TPU\pers\32458 
701 1 |a Похарукова  |b Ю. Е.  |c химик  |c инженер Томского политехнического университета  |g Юлия Евгеньевна  |3 (RuTPU)RU\TPU\pers\32459 
702 1 |a Новиков  |b В. Т.  |c химик  |c доцент Томского политехнического университета, кандидат химических наук  |f 1946-  |g Виктор Тимофеевич  |4 727  |9 13515 
712 0 2 |a Национальный исследовательский Томский политехнический университет (ТПУ)  |b Институт природных ресурсов (ИПР)  |b Кафедра технологии органических веществ и полимерных материалов (ТОВПМ)  |3 (RuTPU)RU\TPU\col\18659 
801 1 |a RU  |b 63413507  |c 20101016 
801 2 |a RU  |b 63413507  |c 20140623  |g RCR 
856 4 |u http://www.lib.tpu.ru/fulltext/c/2014/C21/180.pdf 
942 |c CF